000 00725nam a2200241Ia 4500
003 OSt
005 20220926001524.0
006 a|||||r|||| 00| 0
007 ta
008 220923b |||||||| |||| 00| 0 eng d
037 _cGeneral Book
040 _aRTL
_cRTL
_beng
041 _2eng
_aeng
082 _aX93.2.N93<N92t, N3/GD
110 _aINDIA, RAILWAYS(Ministry of-)
_9304161
245 0 _aEstimates committee (1992-93)
_b 29th report.
260 _a New Delhi
_bLok Sabha secretariat
_c1994
300 _avi,66p.
_ccm.
500 _aAppendix :53-66p.
700 _aINDIA, RAILWAYS(Ministry of-)
_9304162
942 _hX93.2.N93<N92t, N3/GD
_cGB
_2CC
999 _c601798
_d601798